Making Stress Work for you (Record no. 2328)
[ view plain ]
| 000 -LEADER | |
|---|---|
| fixed length control field | 00226nam a22000857a 4500 |
| 008 - FIXED-LENGTH DATA ELEMENTS--GENERAL INFORMATION | |
| fixed length control field | 160712b xxu||||| |||| 00| 0 eng d |
| 100 ## - MAIN ENTRY--PERSONAL NAME | |
| 9 (RLIN) | 2678 |
| Personal name | Ogilvie, L.J |
| 245 ## - TITLE STATEMENT | |
| Title | Making Stress Work for you |
| 260 ## - PUBLICATION, DISTRIBUTION, ETC. (IMPRINT) | |
| Place of publication, distribution, etc. | Texas |
| Name of publisher, distributor, etc. | Word Book |
| Date of publication, distribution, etc. | 1971 |
| Withdrawn status | Lost status | Source of classification or shelving scheme | Damaged status | Not for loan | Home library | Current library | Shelving location | Date acquired | Total Checkouts | Total Renewals | Full call number | Barcode | Date last seen | Date last checked out | Price effective from | Koha item type |
|---|---|---|---|---|---|---|---|---|---|---|---|---|---|---|---|---|
| Dewey Decimal Classification | Good Samaritan School Library | Good Samaritan School Library | PSYCHOLOGY | 07/12/2016 | 6 | 2 | 150 | OGI3266 | 11/25/2022 | 11/23/2022 | 07/12/2016 | BOOK |